| 000 | 01326nam a22003495a 4500 | ||
|---|---|---|---|
| 001 | 14770513 | ||
| 003 | EG-ScBUE | ||
| 005 | 20220612100243.0 | ||
| 008 | 140922t2007 maua f 000 0 eng d | ||
| 020 | _a9781413022483 | ||
| 020 | _a1413022480 | ||
| 040 |
_aEDG-ScBUE _beng _erda _cEDG-ScBUE _dEG-ScBUE |
||
| 082 | 0 | 4 |
_a428.2 _bHER _222 |
| 100 | 1 |
_aHerzfeld-Pipkin, Nancy, _d1951- _eauthor. _92822 |
|
| 245 | 1 | 0 |
_aDestinations 2 : _bwriting and grammar for academic success : instructor's manual / _cNancy Herzfeld-Pipkin, Tania Maundrell-Brown. |
| 246 | 3 |
_aDestination two _bwriting and grammar for academic success : instructor's manual |
|
| 264 | 1 |
_aBoston, Massachusetts : _bThomson Heinle, _c[2007] |
|
| 264 | 4 | _cc2007 | |
| 300 |
_aiv, 124 pages ; _c28 cm |
||
| 336 |
_2rdacontent _atext _btxt |
||
| 337 |
_2rdamedia _aunmediated _bn |
||
| 338 |
_2rdacarrier _avolume _bnc |
||
| 590 | _aMohamed Hussein | ||
| 650 | 7 |
_aEnglish language _xGrammar _vProblems, exercises, etc. _913890 _2BUEsh |
|
| 650 | 7 |
_aEnglish language _xRhetoric _vProblems, exercises, etc. _910260 _2BUEsh |
|
| 650 | 7 |
_aReport writing _vProblems, exercises, etc. _97241 _2BUEsh |
|
| 651 | _2BUEsh | ||
| 653 |
_cAugust2015 _bHHUUEENN |
||
| 655 |
_vReading book _934232 |
||
| 700 | 1 |
_aMaundrell-Brown, Tania, _eauthor. _91582 |
|
| 942 |
_2ddc _cBB _k428.2 HER |
||
| 999 |
_c18398 _d18370 |
||